[Event "Asti Alfieri Memorial 2nd"]
[Site "Asti"]
[Date "2007.03.24"]
[Round "3"]
[White "Torrione, William"]
[Black "Forno, Roberto"]
[Result "0-1"]
[WhiteElo "1922"]
[BlackElo "1955"]
[PlyCount "64"]
[EventDate "2007.03.22"]
[EventType "swiss"]
[EventRounds "6"]
[EventCountry "ITA"]
[SourceTitle "EXT 2010"]
[Source "ChessBase"]
[SourceDate "2010.11.25"]
[SourceVersion "1"]
[SourceVersionDate "2010.11.25"]
[SourceQuality "1"]

1. d4 d5 2. c4 e6 3. Nc3 Nf6 4. Bg5 Bb4 5. Nf3 c6 6. cxd5 exd5 7. Qc2 0-0 8. e3 Re8 9. Bd3 h6 10. Bh4 Nbd7 11. a3 Bd6 12. Bg3 Bxg3 13. hxg3 c5 14. dxc5 Nxc5 15. Bb5 Bd7 16. Bxd7 Qxd7 17. Nd4 Rac8 18. Qe2 Nfe4 19. Nxe4 dxe4 20. 0-0 Nd3 21. g4 Rc5 22. f4 Rec8 23. b4 Rc3 24. Rfd1 R8c4 25. Rd2 Nxf4 26. exf4 Rxd4 27. Raa2 e3 28. Rxd4 Qxd4 29. g3 Rc1+ 30. Kh2 Rd1 31. Kh3 Qd5 32. g5 Rh1+ 0-1

[Event "Asti Alfieri Memorial 1st"]
[Site "Asti"]
[Date "2006.02.05"]
[Round "6"]
[White "Forno, Roberto"]
[Black "Torrisi, Andrea"]
[Result "1-0"]
[WhiteElo "2005"]
[BlackElo "1888"]
[PlyCount "83"]
[EventDate "2006.02.02"]
[EventType "swiss"]
[EventRounds "6"]
[EventCountry "ITA"]
[SourceTitle "CBM 110 Extra"]
[Source "ChessBase"]
[SourceDate "2006.03.10"]
[SourceVersion "2"]
[SourceVersionDate "2006.03.10"]
[SourceQuality "1"]

1. d4 Nf6 2. Bg5 Ne4 3. Bf4 e6 4. f3 Nf6 5. e4 d6 6. c4 Be7 7. Nc3 Nbd7 8. Qc2 e5 9. Be3 exd4 10. Bxd4 c5 11. Be3 Ne5 12. 0-0-0 Bd7 13. g4 a6 14. Kb1 Qb8 15. g5 Nh5 16. Nd5 b5 17. cxb5 axb5 18. Nxe7 Kxe7 19. Rxd6 Nc4 20. Bxc5 Nxd6 21. e5 Qb7 22. Bxd6+ Kd8 23. Bd3 Qa7 24. a3 Qe3 25. Ne2 Rc8 26. Nc3 Nf4 27. Be4 Ne6 28. Bb7 Nd4 29. Qd1 Rxc3 30. bxc3 Bf5+ 31. Be4 Bxe4+ 32. fxe4 Qxc3 33. Bb4 Qc4 34. Qd2 Ke8 35. Rc1 Qb3+ 36. Ka1 Qxa3+ 37. Bxa3 Nb3+ 38. Ka2 Nxd2 39. Rc8+ Kd7 40. Rxh8 Nxe4 41. Rxh7 Nxg5 42. Rxg7 1-0

[Event "Asti Alfieri Memorial 1st"]
[Site "Asti"]
[Date "2006.02.04"]
[Round "4"]
[White "Forno, Roberto"]
[Black "Piantadosi, Angelo"]
[Result "1-0"]
[WhiteElo "2005"]
[BlackElo "1709"]
[PlyCount "35"]
[EventDate "2006.02.02"]
[EventType "swiss"]
[EventRounds "6"]
[EventCountry "ITA"]
[SourceTitle "CBM 110 Extra"]
[Source "ChessBase"]
[SourceDate "2006.03.10"]
[SourceVersion "2"]
[SourceVersionDate "2006.03.10"]
[SourceQuality "1"]

1. e4 e6 2. d4 d5 3. e5 c5 4. c3 Nc6 5. Nf3 Qb6 6. a3 Bd7 7. b4 cxb4 8. cxb4 a5 9. b5 Nce7 10. Nc3 Qd8 11. Bd3 Ng6 12. h4 Be7 13. h5 Nh4 14. Nxh4 Bxh4 15. Qg4 Bxf2+ 16. Kxf2 Kf8 17. a4 Qe7 18. Ba3 1-0

[Event "Asti Alfieri Memorial 1st"]
[Site "Asti"]
[Date "2006.02.03"]
[Round "2"]
[White "Forno, Roberto"]
[Black "Venturino, Marco"]
[Result "0-1"]
[WhiteElo "2005"]
[BlackElo "2116"]
[PlyCount "96"]
[EventDate "2006.02.02"]
[EventType "swiss"]
[EventRounds "6"]
[EventCountry "ITA"]
[SourceTitle "CBM 110 Extra"]
[Source "ChessBase"]
[SourceDate "2006.03.10"]
[SourceVersion "2"]
[SourceVersionDate "2006.03.10"]
[SourceQuality "1"]

1. Nf3 c5 2. e4 Nc6 3. d4 cxd4 4. Nxd4 Nf6 5. Nc3 e5 6. Ndb5 d6 7. Nd5 Nxd5 8. exd5 Nb8 9. c4 a6 10. Nc3 Bf5 11. Bd3 Bxd3 12. Qxd3 Be7 13. 0-0 0-0 14. Be3 Nd7 15. b4 Rc8 16. Rac1 f5 17. f4 exf4 18. Rxf4 Bg5 19. Ne2 Ne5 20. Qb3 Ng4 21. Rxg4 fxg4 22. Nd4 Bxe3+ 23. Qxe3 Qe8 24. Ne6 Rf5 25. Qg3 Rxd5 26. Re1 Re5 27. Rxe5 dxe5 28. Qxg4 Qg6 29. Qxg6 hxg6 30. c5 Kf7 31. Ng5+ Ke7 32. Kf2 Rd8 33. Ke3 Rd4 34. a3 Rg4 35. Ne4 Rxg2 36. Nd6 Rxh2 37. Nxb7 Rh3+ 38. Ke4 Rxa3 39. Kxe5 Rb3 40. Na5 Rd3 41. Nc4 Kd7 42. Ke4 Rb3 43. Ne5+ Kc7 44. Nd3 g5 45. Kd4 g4 46. Kc4 g3 47. Nf4 Rf3 48. Ne6+ Kc8 0-1

[Event "Asti Alfieri Memorial 1st"]
[Site "Asti"]
[Date "2006.02.02"]
[Round "1"]
[White "Crepaldi, Marco"]
[Black "Forno, Roberto"]
[Result "0-1"]
[WhiteElo "1819"]
[BlackElo "2005"]
[PlyCount "100"]
[EventDate "2006.02.02"]
[EventType "swiss"]
[EventRounds "6"]
[EventCountry "ITA"]
[SourceTitle "CBM 110 Extra"]
[Source "ChessBase"]
[SourceDate "2006.03.10"]
[SourceVersion "2"]
[SourceVersionDate "2006.03.10"]
[SourceQuality "1"]

1. e4 d6 2. d4 Nf6 3. Nc3 g6 4. f4 Bg7 5. Nf3 0-0 6. Bc4 c6 7. 0-0 b5 8. Bd3 Qb6 9. Kh1 a6 10. Be3 Nbd7 11. Qd2 Bb7 12. h3 Rae8 13. e5 Nd5 14. Nxd5 cxd5 15. f5 dxe5 16. dxe5 Qc7 17. e6 fxe6 18. fxg6 Rxf3 19. gxh7+ Kh8 20. Rxf3 d4 21. Bh6 Bxh6 22. Qxh6 Bxf3 23. gxf3 Qg3 24. Be4 Qg7 25. Qxe6 Nf6 26. Rg1 Qh6 27. Rg3 Qc1+ 28. Kh2 Qd2+ 29. Rg2 Qf4+ 30. Kh1 Qc1+ 31. Rg1 Qh6 32. Bd5 Qxh7 33. Be4 Qh4 34. Qf5 e6 35. Qe5 Qxh3+ 36. Qh2 Qxh2+ 37. Kxh2 Nxe4 38. fxe4 Rc8 39. Rg2 a5 40. Kg1 Rg8 41. Rxg8+ Kxg8 42. Kf2 Kf7 43. a3 Kf6 44. b3 Ke5 45. Kf3 b4 46. a4 d3 47. cxd3 Kd4 48. Kf4 Kc3 49. d4 Kxd4 50. e5 Kd5 0-1

[Event "Nichelino op 6th"]
[Site "Nichelino"]
[Date "2005.10.08"]
[Round "4"]
[White "Angioni, Gian Carlo"]
[Black "Forno, Roberto"]
[Result "0-1"]
[WhiteElo "1832"]
[BlackElo "2026"]
[PlyCount "72"]
[EventDate "2005.10.06"]
[EventType "swiss"]
[EventRounds "6"]
[EventCountry "ITA"]
[SourceTitle "EXT 2007"]
[Source "ChessBase"]
[SourceDate "2006.11.23"]
[SourceVersion "1"]
[SourceVersionDate "2006.11.23"]
[SourceQuality "1"]

1. e4 e5 2. Nf3 Nc6 3. Bb5 a6 4. Ba4 Nf6 5. Qe2 b5 6. Bb3 Bc5 7. 0-0 0-0 8. c3 Bb6 9. d3 h6 10. Be3 Bxe3 11. Qxe3 d5 12. Qc5 dxe4 13. dxe4 Na5 14. Bc2 Nd7 15. Qe3 Nc4 16. Qc1 Bb7 17. b3 Nd6 18. Nbd2 Qf6 19. Re1 Rfd8 20. Nf1 Nc5 21. Ng3 Ne6 22. h3 Nf4 23. Nh2 c5 24. Ng4 Qg5 25. Ne3 h5 26. Kh2 h4 27. Ne2 Nxe4 28. Bxe4 Bxe4 29. Nxf4 exf4 30. Ng4 f5 31. f3 fxg4 32. fxe4 gxh3 33. Rg1 Qg3+ 34. Kh1 f3 35. gxf3 Qxf3+ 36. Kh2 Qf2+ 0-1

[Event "Nichelino op 6th"]
[Site "Nichelino"]
[Date "2005.10.07"]
[Round "2"]
[White "Catana, Costel"]
[Black "Forno, Roberto"]
[Result "1-0"]
[WhiteElo "2095"]
[BlackElo "2026"]
[PlyCount "65"]
[EventDate "2005.10.06"]
[EventType "swiss"]
[EventRounds "6"]
[EventCountry "ITA"]
[SourceTitle "EXT 2007"]
[Source "ChessBase"]
[SourceDate "2006.11.23"]
[SourceVersion "1"]
[SourceVersionDate "2006.11.23"]
[SourceQuality "1"]

1. e4 e5 2. Nf3 Nc6 3. Nc3 Bc5 4. Na4 Be7 5. d4 Nf6 6. dxe5 Nxe4 7. Qd5 Ng5 8. Nxg5 Bxg5 9. e6 Bxc1 10. exf7+ Kf8 11. Rxc1 d6 12. Bc4 Ne5 13. 0-0 c6 14. Qd4 b5 15. Rfe1 Qf6 16. f4 Nf3+ 17. Kh1 Nxe1 18. Rxe1 Bb7 19. Nc5 bxc4 20. Nd7+ Kxf7 21. Nxf6 gxf6 22. Qxc4+ d5 23. Qb4 Ba6 24. Qe7+ Kg6 25. g4 Rhf8 26. h4 Rf7 27. Qe6 d4 28. g5 Raf8 29. gxf6 Rxf6 30. Qg4+ Kf7 31. Qd7+ Kg8 32. Qxd4 Rxf4 33. Rg1+ 1-0

[Event "Cortina d'Ampezzo op 2nd"]
[Site "Cortina d'Ampezzo"]
[Date "2004.07.??"]
[Round "8"]
[White "D'Apa, Matteo"]
[Black "Forno, Roberto"]
[Result "1-0"]
[WhiteElo "1939"]
[BlackElo "2015"]
[PlyCount "97"]
[EventDate "2004.07.11"]
[EventType "swiss"]
[EventRounds "7"]
[EventCountry "ITA"]
[SourceTitle "CBM 101 Extra"]
[Source "ChessBase"]
[SourceDate "2004.09.01"]
[SourceVersion "2"]
[SourceVersionDate "2004.09.01"]
[SourceQuality "1"]

1. d4 g6 2. c4 Bg7 3. Nc3 d6 4. e4 Nc6 5. Be3 e5 6. d5 Nd4 7. Nge2 Bg4 8. Qd2 Bxe2 9. Nxe2 Nxe2 10. Bxe2 Ne7 11. 0-0 0-0 12. Rac1 f5 13. f3 f4 14. Bf2 g5 15. Rc2 Ng6 16. Rfc1 h5 17. c5 Rf7 18. Qd1 Bh6 19. b4 g4 20. fxg4 hxg4 21. Bxg4 Rg7 22. Be6+ Kh7 23. Bf5 Qg5 24. cxd6 cxd6 25. Rc7 Kh8 26. Rc8+ Rg8 27. Rxa8 Rxa8 28. Qg4 f3 29. Qxg5 Bxg5 30. Rc7 Nf4 31. gxf3 Ne2+ 32. Kf1 Nd4 33. Bxd4 exd4 34. Rxb7 a5 35. Rc7 axb4 36. Rc8+ Rxc8 37. Bxc8 d3 38. Ba6 d2 39. Be2 Kg7 40. Bd1 Kf6 41. Ke2 Bf4 42. Kd3 Kg5 43. Kc4 Bxh2 44. Kxb4 Kf4 45. a4 Ke3 46. a5 Kd3 47. a6 Bg1 48. Kb5 Kc3 49. Kc6 1-0